Phương pháp tính xấp xỉ đạo hàm của hàm cho bởi xấp xỉ
Một số khái niệm cơ bản. Tổng quan về phương pháp chính quy hóa. Một số phương pháp tính xấp xỉ đạo hàm
Đã lưu trong:
| Tác giả chính: | |
|---|---|
| Tác giả khác: | |
| Định dạng: | Sách |
| Ngôn ngữ: | Vietnamese |
| Được phát hành: |
Đà Nẵng
Đại học Sư phạm, Đại học Đà Nẵng
2013
|
| Những chủ đề: | |
| Các nhãn: |
Thêm thẻ
Không có thẻ, Là người đầu tiên thẻ bản ghi này!
|
| Thư viện lưu trữ: | Mạng thư viện Đại học Đà Nẵng |
|---|
| LEADER | 01701nam a2200385 4500 | ||
|---|---|---|---|
| 001 | 000018675 | ||
| 003 | 15110 | ||
| 005 | 20131220101210.0 | ||
| 008 | 131210s2013 viesd | ||
| 041 | |a vie | ||
| 082 | 1 | 4 | |a 511.4 |b VO-L |
| 100 | 1 | |a Võ Thị Bích Liên | |
| 245 | 1 | 0 | |a Phương pháp tính xấp xỉ đạo hàm của hàm cho bởi xấp xỉ |c Võ Thị Bích Liên ; Phan Đức Tuấn hướng dẫn |k Khóa luận tốt nghiệp |
| 260 | |a Đà Nẵng |b Đại học Sư phạm, Đại học Đà Nẵng |c 2013 | ||
| 300 | |a 33 tr. |c 29 cm. |e Bản tóm tắt | ||
| 500 | |a Khóa luận tốt nghiệp đại học. Chuyên ngành: Cử nhân Toán Tin | ||
| 504 | |a Mục lục đầu trang, tài liệu tham khảo tr. 73 - 74, phụ lục [13 tr.] | ||
| 520 | |a Một số khái niệm cơ bản. Tổng quan về phương pháp chính quy hóa. Một số phương pháp tính xấp xỉ đạo hàm | ||
| 600 | 1 | 4 | |b Vua |c Đinh Tiên Hoàng |
| 650 | 0 | 4 | |a Đạo hàm |v Khóa luận tốt nghiệp |x Phương pháp tính xấp xỉ |
| 653 | |a Khoa Toán | ||
| 653 | |a Đạo hàm | ||
| 653 | |a Tính xấp xỉ | ||
| 653 | |a Tính xấp xỉ | ||
| 700 | 1 | |a Phan Đức Tuấn |c TS. |e Hướng dẫn | |
| OWN | |a LSP | ||
| AVA | |a UDN50 |b LSP |d 511.4 VO-L |e available |t Error 5001 Not defined in file expand_doc_bib_avail. |f 1 |g 0 |h N |i 0 |k 1 | ||
| 999 | |a From the UDN01 | ||
| AVA | |a UDN50 |b LSP |d 511.4 VO-L |e available |t Error 5001 Not defined in file expand_doc_bib_avail. |f 1 |g 0 |h N |i 0 |k 1 | ||
| TYP | |a Monograph | ||
| TYP | |a Printed language | ||
| 980 | |a Mạng thư viện Đại học Đà Nẵng | ||